[Event "Paul Keres mem (27th)"]
[Site "Vancouver CAN"]
[Date "2002.05.18"]
[Round "2.10"]
[White "Leblanc, Paul"]
[Black "Spears, Nicholas"]
[Result "0-1"]
[WhiteElo "2050"]
[BlackElo "2215"]
[PlyCount "32"]
[EventDate "2002.05.17"]
[EventType "swiss"]
[EventRounds "7"]
[EventCountry "CAN"]

1. d4 d5 2. Nf3 Nf6 3. c3 e6 4. Bg5 c6 5. Nbd2 Nbd7 6. e3 Bd6 7. Bd3 Qc7 8. O-O
h6 9. Bh4 Ng4 10. Bg3 Bxg3 11. hxg3 h5 12. e4 h4 13. Ng5 Ndf6 14. e5 hxg3 15.
exf6 gxf2+ 16. Rxf2 Rh1+ 0-1

[Event "Paul Keres mem (27th)"]
[Site "Vancouver CAN"]
[Date "2002.05.18"]
[Round "2.12"]
[White "Stanford, Mike"]
[Black "Harris, Philip"]
[Result "0-1"]
[WhiteElo "2165"]
[BlackElo "1982"]
[PlyCount "56"]
[EventDate "2002.05.17"]
[EventType "swiss"]
[EventRounds "7"]
[EventCountry "CAN"]

1. d4 d5 2. Nc3 Nf6 3. Bg5 e6 4. e4 dxe4 5. Nxe4 Be7 6. Bxf6 gxf6 7. g3 f5 8.
Nc3 Bf6 9. Nf3 Nc6 10. Bb5 O-O 11. Bxc6 bxc6 12. O-O c5 13. dxc5 Qe7 14. Na4
Ba6 15. Re1 Rfd8 16. Qc1 Bb5 17. Qf4 Bxa4 18. Qxa4 Qxc5 19. c3 Rab8 20. Re2 Qb5
21. Qc2 Qd3 22. Kg2 Qa6 23. Rd2 Rxd2 24. Qxd2 Qb5 25. Qf4 Qxb2 26. Qxc7 Qb7 27.
Qd6 Rd8 28. Qa3 Rd3 0-1

[Event "Paul Keres mem (27th)"]
[Site "Vancouver CAN"]
[Date "2002.05.18"]
[Round "2.13"]
[White "Pacheco, Sigfrido"]
[Black "Mandic, Slaven"]
[Result "1-0"]
[WhiteElo "1944"]
[BlackElo "2079"]
[PlyCount "55"]
[EventDate "2002.05.17"]
[EventType "swiss"]
[EventRounds "7"]
[EventCountry "CAN"]

1. d4 b6 2. c4 Bb7 3. Nc3 e6 4. e4 Bb4 5. Bd3 c5 6. d5 d6 7. Nge2 e5 8. a3
Bxc3+ 9. Nxc3 Ne7 10. b4 a6 11. Rb1 Nd7 12. Na4 Rb8 13. O-O O-O 14. f4 exf4 15.
Bxf4 Qc7 16. bxc5 bxc5 17. e5 Nxe5 18. Bxe5 dxe5 19. d6 Qc6 20. Rxb7 Rxb7 21.
dxe7 Rxe7 22. Nc3 e4 23. Nd5 Re5 24. Bc2 Qh6 25. Qa1 f6 26. Qxe5 Qd2 27. Qe6+
Kh8 28. Qxe4 1-0

[Event "Paul Keres mem (27th)"]
[Site "Vancouver CAN"]
[Date "2002.05.18"]
[Round "2.14"]
[White "Davies, Lucas"]
[Black "Fletcher, David"]
[Result "0-1"]
[WhiteElo "1905"]
[BlackElo "2137"]
[PlyCount "100"]
[EventDate "2002.05.17"]
[EventType "swiss"]
[EventRounds "7"]
[EventCountry "CAN"]

1. e4 c6 2. d4 d5 3. exd5 cxd5 4. Bd3 Nc6 5. c3 g6 6. Bf4 Bf5 7. Nf3 Bxd3 8.
Qxd3 e6 9. Nbd2 Bh6 10. Bxh6 Nxh6 11. Qe2 Nf5 12. Ne5 Nxe5 13. Qxe5 O-O 14. O-O
Qb8 15. Qe2 b5 16. b4 Rc8 17. Qd3 a5 18. bxa5 b4 19. Rfb1 Rxc3 20. Qxc3 bxc3
21. Rxb8+ Rxb8 22. Nb3 Rb4 23. Kf1 Nxd4 24. Nxd4 Rxd4 25. a6 Ra4 26. Ke2 d4 27.
Kd3 e5 28. f4 f6 29. fxe5 fxe5 30. Ke4 Rxa6 31. Kxe5 Ra4 32. Ke4 Kf7 33. g4 Ke6
34. g5 Kd6 35. Rb1 c2 36. Rc1 Rxa2 37. Kxd4 Ke6 38. Ke4 Ra4+ 39. Kd3 Kf5 40.
Rxc2 Kxg5 41. Ke3 Rf4 42. Rg2+ Rg4 43. Rb2 Kh4 44. Kf3 Kh3 45. Ra2 h5 46. Rb2
g5 47. Ra2 Rg1 48. Rb2 g4+ 49. Kf4 Rf1+ 50. Ke3 Rh1 0-1

[Event "Paul Keres mem (27th)"]
[Site "Vancouver CAN"]
[Date "2002.05.18"]
[Round "2.15"]
[White "Wu, Howard"]
[Black "Salcedo, Daniel"]
[Result "0-1"]
[WhiteElo "2222"]
[BlackElo "2046"]
[PlyCount "51"]
[EventDate "2002.05.17"]
[EventType "swiss"]
[EventRounds "7"]
[EventCountry "CAN"]

1. e4 c5 2. Nf3 d6 3. d4 cxd4 4. Nxd4 Nf6 5. Nc3 g6 6. Be3 Bg7 7. f3 O-O 8. Bc4
Nc6 9. Qd2 Bd7 10. O-O-O Rc8 11. Bd5 Na5 12. h4 Nc4 13. Bxc4 Rxc4 14. h5 b5 15.
hxg6 fxg6 16. e5 b4 17. Qe2 Rxd4 18. Bxd4 dxe5 19. Bxe5 bxc3 20. Bxf6 Rxf6 21.
Qc4+ Kh8 22. Qg4 Qb6 23. Rxd7 Qxb2+ 24. Kd1 Qb1+ 25. Ke2 Qxh1 26. Kf2 0-1

[Event "Paul Keres mem (27th)"]
[Site "Vancouver CAN"]
[Date "2002.05.18"]
[Round "2.17"]
[White "Maheux, Pierre"]
[Black "Boehmer, Kris"]
[Result "0-1"]
[WhiteElo "2007"]
[BlackElo "2110"]
[PlyCount "56"]
[EventDate "2002.05.17"]
[EventType "swiss"]
[EventRounds "7"]
[EventCountry "CAN"]

1. e4 c5 2. Nf3 Nc6 3. d4 cxd4 4. Nxd4 g6 5. Be3 Nf6 6. Nc3 Bg7 7. Be2 O-O 8.
O-O d5 9. exd5 Nxd5 10. Nxd5 Qxd5 11. Bf3 Qa5 12. Bxc6 bxc6 13. Nxc6 Qc7 14.
Nd4 Ba6 15. Re1 Rad8 16. Qg4 h5 17. Qf4 Qxf4 18. Bxf4 Rxd4 19. Be5 Rd7 20. Bxg7
Kxg7 21. b3 e6 22. c4 Rd2 23. c5 Rc8 24. Rec1 Bb7 25. b4 Bc6 26. a4 a6 27. Rcb1
Rb8 28. Kf1 Rd4 0-1

[Event "Paul Keres mem (27th)"]
[Site "Vancouver CAN"]
[Date "2002.05.18"]
[Round "2.18"]
[White "Remedios, Russell"]
[Black "Schuetzhold, Ralf"]
[Result "0-1"]
[WhiteElo "2109"]
[BlackElo "2153"]
[PlyCount "90"]
[EventDate "2002.05.17"]
[EventType "swiss"]
[EventRounds "7"]
[EventCountry "CAN"]

1. d4 e6 2. c4 f5 3. g3 d5 4. Bg2 Nf6 5. Bg5 c6 6. cxd5 exd5 7. Nc3 Be7 8. Bxf6
Bxf6 9. e3 O-O 10. Nf3 Nd7 11. O-O Qe8 12. b4 Nb6 13. a4 Nc4 14. Nd2 Nxe3 15.
Qb3 Nxf1 16. Rxf1 Kh8 17. Nf3 Be6 18. Re1 Qd7 19. a5 Rfe8 20. Na4 Qc7 21. Nc5
Bg8 22. Rd1 f4 23. Nd3 fxg3 24. hxg3 a6 25. Nde5 Qd6 26. Kh2 g6 27. Rh1 Kg7 28.
Kg1 Bxe5 29. Nxe5 Rxe5 30. dxe5 Qxe5 31. Qd3 Re8 32. Bf1 Be6 33. Qd2 h5 34. f4
Qf6 35. Be2 Bf5 36. Kf2 Qe6 37. Qd4+ Kg8 38. Bf3 Be4 39. Re1 Qf5 40. Qb6 Qf7
41. Bxe4 dxe4 42. Rd1 e3+ 43. Kf3 Qf5 44. Re1 Qe4+ 45. Ke2 Qc2+ 0-1

[Event "Paul Keres mem (27th)"]
[Site "Vancouver CAN"]
[Date "2002.05.18"]
[Round "2.19"]
[White "Steininger, Gavin"]
[Black "Pechisker, Alfred"]
[Result "1/2-1/2"]
[WhiteElo "1815"]
[BlackElo "2106"]
[PlyCount "84"]
[EventDate "2002.05.17"]
[EventType "swiss"]
[EventRounds "7"]
[EventCountry "CAN"]

1. e4 c5 2. Nf3 d6 3. d4 cxd4 4. Nxd4 Nf6 5. Nc3 a6 6. Be3 e6 7. f3 Be7 8. Qd2
O-O 9. O-O-O b5 10. g4 Bb7 11. h4 Nc6 12. h5 Nd7 13. Rg1 Nde5 14. Be2 Rc8 15.
g5 Nxd4 16. Bxd4 g6 17. f4 Nc4 18. Bxc4 Rxc4 19. f5 Qe8 20. hxg6 fxg6 21. fxe6
Qc8 22. Nd5 Qxe6 23. Bf6 Bxf6 24. Nxf6+ Rxf6 25. gxf6 Qxf6 26. Qxd6 Qxd6 27.
Rxd6 Bxe4 28. c3 Kg7 29. Rd4 h5 30. Rxc4 bxc4 31. Kd2 Kf6 32. Ke3 Bf5 33. Kf4
a5 34. Rd1 g5+ 35. Kg3 h4+ 36. Kh2 Bd3 37. b4 axb4 38. cxb4 Ke5 39. a4 Kd5 40.
b5 Kc5 41. Rg1 Bc2 42. Rxg5+ Kb6 1/2-1/2

[Event "Paul Keres mem (27th)"]
[Site "Vancouver CAN"]
[Date "2002.05.18"]
[Round "2.20"]
[White "Bau, Edmund"]
[Black "Sullivan, Brian"]
[Result "1-0"]
[WhiteElo "2087"]
[BlackElo "1866"]
[PlyCount "89"]
[EventDate "2002.05.17"]
[EventType "swiss"]
[EventRounds "7"]
[EventCountry "CAN"]

1. e4 c5 2. Nf3 d6 3. d4 cxd4 4. Nxd4 Nf6 5. Nc3 a6 6. Bc4 e6 7. Bb3 Be7 8. Be3
b5 9. f3 O-O 10. Qd2 Bd7 11. O-O Nc6 12. a3 Rc8 13. Rad1 Ne5 14. Kh1 Nc4 15.
Bxc4 Rxc4 16. Nde2 Qb8 17. Bg5 Rfc8 18. e5 Nd5 19. Bxe7 Nxe7 20. Qxd6 Qxd6 21.
Rxd6 Bc6 22. Rfd1 Nd5 23. Rd4 g5 24. Rxc4 bxc4 25. Nd4 Ne7 26. Kg1 h5 27. Kf2
Kg7 28. g3 Kg6 29. f4 h4 30. Nxc6 Rxc6 31. Nd5 hxg3+ 32. hxg3 Nxd5 33. Rxc6
gxf4 34. gxf4 Kf5 35. Rxc4 Nxf4 36. Kf3 Ng6 37. Rc5 Nxe5+ 38. Ke3 Kf6 39. b4
Nd7 40. Rc6 Nb8 41. Rb6 Nd7 42. Rxa6 Kf5 43. Rd6 Ne5 44. Rd4 Ng4+ 45. Rxg4 1-0

[Event "Paul Keres mem (27th)"]
[Site "Vancouver CAN"]
[Date "2002.05.18"]
[Round "2.21"]
[White "Chapman, Erik"]
[Black "Tang, Edward"]
[Result "0-1"]
[WhiteElo "2055"]
[BlackElo "1825"]
[PlyCount "86"]
[EventDate "2002.05.17"]
[EventType "swiss"]
[EventRounds "7"]
[EventCountry "CAN"]

1. e4 c5 2. Nf3 d6 3. d4 cxd4 4. Nxd4 Nf6 5. Nc3 g6 6. Be3 Bg7 7. Qd2 Nc6 8.
Bc4 O-O 9. f3 Bd7 10. O-O-O Ne5 11. Bb3 Qa5 12. Kb1 Rfc8 13. g4 b5 14. h4 Rab8
15. h5 Nc4 16. Qf2 Nxe3 17. Qxe3 b4 18. Nd5 Nxd5 19. exd5 Re8 20. hxg6 hxg6 21.
Qf4 Qc7 22. Rh4 a5 23. Rdh1 Qc5 24. Nc6 Bxc6 25. dxc6 e6 26. Ba4 g5 27. Rh8+
Bxh8 28. Qh2 Bg7 29. c7 Qxc7 30. Bxe8 Rxe8 31. f4 gxf4 32. Qxf4 Rc8 33. Qd2 d5
34. Re1 a4 35. g5 a3 36. g6 Bxb2 37. gxf7+ Qxf7 38. Rg1+ Bg7 39. Qxb4 Qf6 40.
c3 Qxc3 41. Rxg7+ Qxg7 42. Qxa3 Qg1+ 43. Kb2 Qc1+ 0-1

[Event "Paul Keres mem (27th)"]
[Site "Vancouver CAN"]
[Date "2002.05.18"]
[Round "2.22"]
[White "Wright, Stephen"]
[Black "Pitre, Hanniegn"]
[Result "1/2-1/2"]
[WhiteElo "2154"]
[BlackElo "2007"]
[PlyCount "33"]
[EventDate "2002.05.17"]
[EventType "swiss"]
[EventRounds "7"]
[EventCountry "CAN"]

1. g3 g6 2. Bg2 Bg7 3. d4 c5 4. c3 Qa5 5. Nf3 d6 6. O-O Nf6 7. Re1 O-O 8. h3 a6
9. e4 Nc6 10. Nbd2 cxd4 11. Nb3 Qh5 12. Nfxd4 Qxd1 13. Rxd1 Bd7 14. Be3 Rac8
15. f4 Nxd4 16. Bxd4 Ne8 17. Bxg7 1/2-1/2

[Event "Paul Keres mem (27th)"]
[Site "Vancouver CAN"]
[Date "2002.05.18"]
[Round "3.1"]
[White "Orlov, Georgi"]
[Black "Shamilov, Eduard"]
[Result "1-0"]
[WhiteElo "2591"]
[BlackElo "2239"]
[PlyCount "51"]
[EventDate "2002.05.17"]
[EventType "swiss"]
[EventRounds "7"]
[EventCountry "CAN"]

1. d4 Nf6 2. c4 g6 3. Nc3 Bg7 4. e4 d6 5. f4 O-O 6. Nf3 Na6 7. Be2 e5 8. dxe5
dxe5 9. Qxd8 Rxd8 10. fxe5 Ng4 11. Bg5 Re8 12. Nd5 Nxe5 13. Rd1 Be6 14. O-O c6
15. Nxe5 Bxd5 16. cxd5 Rxe5 17. dxc6 bxc6 18. Bf4 Ra5 19. Bc4 Ra4 20. b3 Rxa2
21. Bd6 Bc3 22. Rxf7 Kh8 23. e5 Rd8 24. e6 Ra1 25. Rxa1 Bxa1 26. e7 1-0

[Event "Paul Keres mem (27th)"]
[Site "Vancouver CAN"]
[Date "2002.05.18"]
[Round "3.3"]
[White "Yoos, John"]
[Black "Fleming, Balin"]
[Result "1-0"]
[WhiteElo "2430"]
[BlackElo "1843"]
[PlyCount "47"]
[EventDate "2002.05.17"]
[EventType "swiss"]
[EventRounds "7"]
[EventCountry "CAN"]

1. e4 c5 2. Nf3 d6 3. d4 cxd4 4. Nxd4 Nf6 5. Nc3 g6 6. Be3 Bg7 7. f3 Nc6 8. Qd2
O-O 9. Bc4 Bd7 10. O-O-O Rc8 11. Bb3 Ne5 12. Bg5 Rc5 13. Rhe1 b5 14. f4 Nc4 15.
Bxc4 bxc4 16. e5 dxe5 17. Nde2 Qb6 18. Bxf6 Bxf6 19. Qxd7 exf4 20. Na4 Bxb2+
21. Nxb2 Rb8 22. Na4 Qb1+ 23. Kd2 Qb4+ 24. Nac3 1-0

[Event "Paul Keres mem (27th)"]
[Site "Vancouver CAN"]
[Date "2002.05.18"]
[Round "3.4"]
[White "Adam, Valerian"]
[Black "Meng, Fanhao"]
[Result "0-1"]
[WhiteElo "2282"]
[BlackElo "1999"]
[PlyCount "120"]
[EventDate "2002.05.17"]
[EventType "swiss"]
[EventRounds "7"]
[EventCountry "CAN"]

1. e4 e5 2. Nf3 Nc6 3. Bc4 Bc5 4. O-O Nf6 5. d3 d6 6. Be3 Bb6 7. h3 O-O 8. Nc3
Be6 9. Bxb6 axb6 10. Bxe6 fxe6 11. d4 Nd7 12. d5 exd5 13. Nxd5 Nc5 14. c3 Kh8
15. Qe2 Ne7 16. a3 Ng6 17. g3 Ne6 18. Qe3 h6 19. Rad1 Qd7 20. Kh2 Rf7 21. h4
Qb5 22. h5 Raf8 23. Ng1 Ne7 24. b4 Nxd5 25. exd5 Ng5 26. f3 Qd7 27. Kg2 Rf6 28.
Qe2 Qf7 29. g4 Rf4 30. c4 Qd7 31. Rde1 Kg8 32. Kg3 Kh8 33. Kg2 e4 34. fxe4
Qxg4+ 35. Qxg4 Rxg4+ 36. Kh2 Rxf1 37. Rxf1 Rxe4 38. Rf8+ Kh7 39. c5 bxc5 40.
bxc5 dxc5 41. Rc8 Re7 42. Kg2 g6 43. hxg6+ Kxg6 44. Kf2 Ne4+ 45. Kf3 Nf6 46.
Rb8 b6 47. d6 cxd6 48. Rxb6 d5 49. Ne2 Kf5 50. Rb5 Ne4 51. a4 Ke5 52. a5 Re6
53. Ke3 Rf6 54. Nc1 d4+ 55. Kd3 Rf3+ 56. Kc2 Rc3+ 57. Kb2 Nd6 58. Rb3 Nc4+ 59.
Kb1 Nd2+ 60. Kb2 Rxb3+ 0-1

[Event "Paul Keres mem (27th)"]
[Site "Vancouver CAN"]
[Date "2002.05.18"]
[Round "3.5"]
[White "Krzyzowski, Ernest"]
[Black "Harper, Bruce"]
[Result "0-1"]
[WhiteElo "1787"]
[BlackElo "2335"]
[PlyCount "80"]
[EventDate "2002.05.17"]
[EventType "swiss"]
[EventRounds "7"]
[EventCountry "CAN"]

1. c4 g6 2. Nc3 Bg7 3. d3 d6 4. e4 c5 5. Nge2 Nc6 6. Be3 Nd4 7. Qd2 e6 8. f3
Ne7 9. Bg5 h6 10. Bh4 O-O 11. Nxd4 cxd4 12. Ne2 e5 13. g4 Kh7 14. Bg2 f5 15.
gxf5 gxf5 16. Bh3 Bf6 17. Bxf6 Rxf6 18. Rf1 fxe4 19. fxe4 Rxf1+ 20. Bxf1 Ng6
21. O-O-O Bg4 22. Re1 Qg5 23. Qxg5 hxg5 24. Ng3 Nf4 25. Kd2 Kg6 26. Be2 Nxe2
27. Nxe2 Rh8 28. Ng1 Rxh2+ 29. Kc1 Rf2 30. a3 a5 31. b4 axb4 32. axb4 b6 33.
Kb1 Rd2 34. Rc1 Rxd3 35. c5 dxc5 36. bxc5 bxc5 37. Rxc5 Rd1+ 38. Rc1 Rxc1+ 39.
Kxc1 Kh5 40. Kd2 Kh4 0-1

[Event "Paul Keres mem (27th)"]
[Site "Vancouver CAN"]
[Date "2002.05.18"]
[Round "3.6"]
[White "Spears, Nicholas"]
[Black "Pacheco, Sigfrido"]
[Result "1-0"]
[WhiteElo "2215"]
[BlackElo "1944"]
[PlyCount "75"]
[EventDate "2002.05.17"]
[EventType "swiss"]
[EventRounds "7"]
[EventCountry "CAN"]

1. d4 Nf6 2. c4 g6 3. Nf3 Bg7 4. g3 d6 5. Bg2 O-O 6. O-O Nc6 7. Nc3 e5 8. dxe5
dxe5 9. Bg5 Qxd1 10. Rfxd1 Be6 11. Nd5 Ne8 12. Ne7+ Nxe7 13. Bxe7 Bxc4 14. Bxf8
Kxf8 15. e3 Rb8 16. Bf1 Bxf1 17. Kxf1 Ke7 18. Rac1 c6 19. Rd2 Nd6 20. Rcd1 Rd8
21. Ng5 f5 22. Nxh7 e4 23. Ng5 Bf6 24. h4 Be5 25. Kg2 a5 26. a4 b5 27. Rc1 bxa4
28. Rxc6 Rd7 29. Rc5 Bg7 30. Rxa5 Rb7 31. Rxa4 Bxb2 32. Ra6 Be5 33. Rd5 Kf6 34.
Rdxd6+ Bxd6 35. Rxd6+ Kg7 36. Ne6+ Kh6 37. Nf4 Rg7 38. h5 1-0

[Event "Paul Keres mem (27th)"]
[Site "Vancouver CAN"]
[Date "2002.05.18"]
[Round "3.7"]
[White "Stanford, Mike"]
[Black "McCusky, Louis"]
[Result "1-0"]
[WhiteElo "2165"]
[BlackElo "1576"]
[PlyCount "59"]
[EventDate "2002.05.17"]
[EventType "swiss"]
[EventRounds "7"]
[EventCountry "CAN"]

1. e4 Nf6 2. e5 Nd5 3. d4 d6 4. Nf3 Nc6 5. c4 Nb6 6. exd6 cxd6 7. d5 Ne5 8.
Nxe5 dxe5 9. Be3 e6 10. d6 Bd7 11. Nc3 a6 12. c5 Nc8 13. Qh5 Qf6 14. Bd3 Na7
15. Bg5 g6 16. Bxf6 gxh5 17. Bxh8 O-O-O 18. Bxe5 Nc6 19. Bf6 Re8 20. Na4 Be7
21. Nb6+ Kd8 22. dxe7+ Nxe7 23. O-O-O Bc6 24. Be4+ Bd5 25. Bxd5 exd5 26. Rxd5+
Kc7 27. Rd7+ Kc6 28. Bxe7 Rg8 29. Bd6 Rxg2 30. Rc7+ 1-0

[Event "Paul Keres mem (27th)"]
[Site "Vancouver CAN"]
[Date "2002.05.18"]
[Round "3.8"]
[White "Bau, Edmund"]
[Black "Milicevic, Dragoljub"]
[Result "0-1"]
[WhiteElo "2087"]
[BlackElo "2277"]
[PlyCount "92"]
[EventDate "2002.05.17"]
[EventType "swiss"]
[EventRounds "7"]
[EventCountry "CAN"]

1. e4 c6 2. d4 g6 3. Nf3 Bg7 4. Nc3 d6 5. Bc4 b5 6. Bb3 b4 7. Ne2 Bg4 8. Ng3 e6
9. h3 Bxf3 10. Qxf3 Bxd4 11. O-O Qf6 12. Qd3 Ne7 13. e5 Qxe5 14. Ne2 Bc5 15.
Bf4 Qf5 16. Qd2 e5 17. Ng3 Qxf4 18. Qxf4 exf4 19. Ne4 Nd7 20. Rfe1 d5 21. Nd2
O-O 22. Rac1 Nf5 23. c3 a5 24. Nf3 bxc3 25. bxc3 a4 26. Bc2 Ng7 27. Rb1 Ra7 28.
c4 Ne6 29. cxd5 cxd5 30. Rbd1 Nf6 31. Ne5 Rc8 32. Bd3 Bb4 33. Rf1 Bc3 34. Nf3
Nc5 35. Bb1 Nce4 36. Rc1 Rac7 37. Rcd1 h6 38. Bc2 a3 39. Bb3 Rc5 40. Kh1 g5 41.
Kg1 Rb8 42. Nd4 Nd2 43. Rfe1 Bxd4 44. Rxd2 Bc3 45. Rc2 Bxe1 46. Rxc5 Bxf2+ 0-1

[Event "Paul Keres mem (27th)"]
[Site "Vancouver CAN"]
[Date "2002.05.18"]
[Round "3.9"]
[White "Jiganchine, Roman"]
[Black "Yousefzadeh, Mehrdad"]
[Result "1-0"]
[WhiteElo "2224"]
[BlackElo "2041"]
[PlyCount "125"]
[EventDate "2002.05.17"]
[EventType "swiss"]
[EventRounds "7"]
[EventCountry "CAN"]

1. e4 Nf6 2. e5 Nd5 3. d4 d6 4. c4 Nb6 5. exd6 exd6 6. Bd3 Be7 7. Nc3 Nc6 8.
Be3 O-O 9. Nge2 Bg4 10. f3 Bh4+ 11. Ng3 Bh5 12. O-O Bxg3 13. hxg3 Bg6 14. b3
Bxd3 15. Qxd3 f5 16. Rfe1 Qf6 17. Qd2 h6 18. Re2 Qf7 19. d5 Ne5 20. Nb5 Rfd8
21. Rae1 Rd7 22. a4 Nc8 23. Bd4 a6 24. Nc3 Ng6 25. Nd1 Nce7 26. Nf2 Rf8 27. Bb2
Kh7 28. Re6 Ng8 29. Qb4 b6 30. a5 Rb8 31. Nd3 Re7 32. axb6 Rxb6 33. Qc3 Nf8 34.
Rxe7 Nxe7 35. Nf4 Nd7 36. Ne6 Nc5 37. Nxc5 dxc5 38. Ba3 Nc8 39. Bxc5 Rg6 40.
Qe5 Nd6 41. Qe7 Rf6 42. Bd4 Qxe7 43. Rxe7 Rf7 44. Rxf7 Nxf7 45. Ba7 Nd6 46. Bb8
Ne8 47. Kf2 Kg6 48. Ke3 Kf6 49. Ba7 g6 50. Bd4+ Ke7 51. Be5 Kd7 52. Kd4 c6 53.
Kc5 cxd5 54. Kxd5 g5 55. g4 fxg4 56. fxg4 a5 57. Kc5 Ke6 58. Bd4 Ke7 59. Kd5
Kd7 60. c5 Ke7 61. c6 Kd8 62. Kc5 Kc8 63. Kb6 1-0

[Event "Paul Keres mem (27th)"]
[Site "Vancouver CAN"]
[Date "2002.05.18"]
[Round "3.10"]
[White "Salcedo, Daniel"]
[Black "Fullbrook, Nigel"]
[Result "1-0"]
[WhiteElo "2046"]
[BlackElo "2207"]
[PlyCount "45"]
[EventDate "2002.05.17"]
[EventType "swiss"]
[EventRounds "7"]
[EventCountry "CAN"]

1. d4 Nf6 2. c4 c5 3. d5 e6 4. Nc3 exd5 5. cxd5 d6 6. e4 g6 7. f4 Bg7 8. Bb5+
Nfd7 9. Be2 Na6 10. Nf3 O-O 11. O-O Nc7 12. a4 a6 13. Be3 Rb8 14. e5 Re8 15.
exd6 Bxc3 16. dxc7 Qxc7 17. d6 Qa5 18. Bc4 Nb6 19. d7 Bxd7 20. Ng5 Nxc4 21.
Qxd7 Rf8 22. Qh3 h5 23. bxc3 1-0

[Event "Paul Keres mem (27th)"]
[Site "Vancouver CAN"]
[Date "2002.05.18"]
[Round "3.11"]
[White "Beqo, Nick"]
[Black "Zemitis, Valdemars"]
[Result "1-0"]
[WhiteElo "2151"]
[BlackElo "1841"]
[PlyCount "55"]
[EventDate "2002.05.17"]
[EventType "swiss"]
[EventRounds "7"]
[EventCountry "CAN"]

1. e4 e5 2. Nf3 f5 3. Nxe5 Qf6 4. d4 d6 5. Nc4 fxe4 6. Nc3 Qg6 7. Nd5 Qf7 8.
Nf4 Nf6 9. Be2 Be7 10. O-O h5 11. Ne3 c6 12. Bc4 d5 13. Bb3 Bd6 14. Ne2 Ng4 15.
Ng3 Nxh2 16. Nxe4 Bc7 17. Re1 Kf8 18. Ng5 Qg6 19. Nf1 Ng4 20. f3 Bf5 21. Qe2
Bd6 22. fxg4 hxg4 23. g3 Qh5 24. Bf4 Qh1+ 25. Kf2 Rh2+ 26. Nxh2 Qxh2+ 27. Ke3
Bxf4+ 28. Kxf4 1-0

[Event "Paul Keres mem (27th)"]
[Site "Vancouver CAN"]
[Date "2002.05.18"]
[Round "3.13"]
[White "Fletcher, David"]
[Black "Stephens, Desmond"]
[Result "1-0"]
[WhiteElo "2137"]
[BlackElo "1787"]
[PlyCount "71"]
[EventDate "2002.05.17"]
[EventType "swiss"]
[EventRounds "7"]
[EventCountry "CAN"]

1. e4 e5 2. Nf3 Nc6 3. Nc3 Nf6 4. Bb5 d6 5. d4 Bd7 6. O-O Nxd4 7. Nxd4 exd4 8.
Bxd7+ Qxd7 9. Qxd4 b6 10. Bg5 Be7 11. Rad1 O-O-O 12. a4 Qe6 13. a5 Qe5 14. Bxf6
Bxf6 15. Qc4 Qc5 16. Qxf7 Bxc3 17. bxc3 Qxc3 18. a6 Qe5 19. f3 Rhf8 20. Qa2 c6
21. Rd3 Kc7 22. Rfd1 g5 23. Rd4 g4 24. fxg4 Qf4 25. h3 Qe3+ 26. Kh1 Rf2 27. Qc4
Qg3 28. Rg1 Rdf8 29. Rd3 Qe5 30. Rc3 c5 31. Re3 Rf1 32. Re1 R1f2 33. Qd5 Qg3
34. e5 R8f3 35. exd6+ Kd7 36. Re7+ 1-0

[Event "Paul Keres mem (27th)"]
[Site "Vancouver CAN"]
[Date "2002.05.18"]
[Round "3.14"]
[White "Long, Hugh"]
[Black "North, Robert"]
[Result "1/2-1/2"]
[WhiteElo "1943"]
[BlackElo "2125"]
[PlyCount "111"]
[EventDate "2002.05.17"]
[EventType "swiss"]
[EventRounds "7"]
[EventCountry "CAN"]

1. d4 Nf6 2. c4 g6 3. Nc3 d5 4. Nf3 Bg7 5. e3 O-O 6. Bd3 a6 7. O-O dxc4 8. Bxc4
b5 9. Bb3 Bb7 10. Re1 c5 11. Bc2 Nbd7 12. Qe2 Rc8 13. Rd1 Qc7 14. Ne1 h5 15. h3
Nb6 16. dxc5 Qxc5 17. e4 Nc4 18. Nd3 Qc6 19. Nb4 Qc7 20. Ncd5 Nxd5 21. Nxd5
Bxd5 22. exd5 Nxb2 23. Bxb2 Bxb2 24. Rab1 Qxc2 25. Rxb2 Qxe2 26. Rxe2 Rfe8 27.
d6 exd6 28. Rxe8+ Rxe8 29. Rxd6 Re6 30. Rd8+ Kg7 31. Ra8 Kf6 32. Kf1 Ke5 33.
Ke2 Kd4+ 34. Kd2 Kc4 35. Rd8 Re5 36. Ra8 Rd5+ 37. Kc2 Rg5 38. Rxa6 Rxg2 39. Rf6
Rh2 40. Rf3 f5 41. Kd2 Rh1 42. Rf4+ Kc5 43. Rf3 Ra1 44. a3 Ra2+ 45. Kc1 h4 46.
Kb1 Re2 47. Rf4 Re4 48. Rf3 Kd5 49. Kc2 Re2+ 50. Kd1 Ra2 51. Ke1 Ke4 52. Rb3 g5
53. Kf1 g4 54. Rb4+ Kf3 55. Rb3+ Kf4 56. Rb4+ 1/2-1/2

[Event "Paul Keres mem (27th)"]
[Site "Vancouver CAN"]
[Date "2002.05.18"]
[Round "3.15"]
[White "Schuetzhold, Ralf"]
[Black "Tegzes, Laszlo"]
[Result "1/2-1/2"]
[WhiteElo "2153"]
[BlackElo "2381"]
[PlyCount "39"]
[EventDate "2002.05.17"]
[EventType "swiss"]
[EventRounds "7"]
[EventCountry "CAN"]

1. e4 c5 2. Nf3 e6 3. d4 cxd4 4. Nxd4 Nf6 5. Nc3 Nc6 6. Be3 Bb4 7. Nxc6 bxc6 8.
Bd3 d5 9. exd5 cxd5 10. O-O O-O 11. Bd4 Bd6 12. f4 Qe7 13. Be5 Bc5+ 14. Kh1 Bb7
15. Qe2 Rad8 16. Rae1 d4 17. Nd1 Nd7 18. Bxh7+ Kxh7 19. Qh5+ Kg8 20. Bxg7
1/2-1/2

[Event "Paul Keres mem (27th)"]
[Site "Vancouver CAN"]
[Date "2002.05.18"]
[Round "3.16"]
[White "Boehmer, Kris"]
[Black "Daswani, Benedict"]
[Result "1-0"]
[WhiteElo "2110"]
[BlackElo "1784"]
[PlyCount "73"]
[EventDate "2002.05.17"]
[EventType "swiss"]
[EventRounds "7"]
[EventCountry "CAN"]

1. c4 c5 2. Nc3 d6 3. g3 g6 4. Bg2 Bg7 5. e3 e6 6. Nge2 Ne7 7. O-O Nbc6 8. Rb1
O-O 9. a3 a6 10. b4 cxb4 11. axb4 Ne5 12. d3 Rb8 13. b5 b6 14. bxa6 Bxa6 15.
Ba3 Bb7 16. e4 Re8 17. Nb5 Nc8 18. h3 d5 19. cxd5 exd5 20. f4 Nd7 21. e5 g5 22.
d4 Nf8 23. f5 f6 24. e6 Nxe6 25. fxe6 Rxe6 26. g4 Ba6 27. Rf5 Kh8 28. Ng3 Bxb5
29. Rxb5 Re3 30. Rf3 Qe8 31. Rb1 Rxf3 32. Qxf3 Qa4 33. Nf5 Ra8 34. Rb3 b5 35.
Bc5 Qa1+ 36. Kh2 Qc1 37. Re3 1-0

[Event "Paul Keres mem (27th)"]
[Site "Vancouver CAN"]
[Date "2002.05.18"]
[Round "3.17"]
[White "Tang, Edward"]
[Black "Wright, Stephen"]
[Result "0-1"]
[WhiteElo "1825"]
[BlackElo "2154"]
[PlyCount "142"]
[EventDate "2002.05.17"]
[EventType "swiss"]
[EventRounds "7"]
[EventCountry "CAN"]

1. e4 Nf6 2. e5 Nd5 3. d4 d6 4. c4 Nb6 5. exd6 cxd6 6. Nc3 g6 7. Bd3 Bg7 8.
Nge2 O-O 9. O-O e5 10. dxe5 dxe5 11. b3 Nc6 12. Ba3 Re8 13. Be4 f5 14. Qxd8
Rxd8 15. Bd5+ Nxd5 16. Nxd5 Kf7 17. Rad1 Be6 18. Nc7 Rab8 19. Bd6 Rbc8 20. Nxe6
Kxe6 21. Ba3 a6 22. Rfe1 b5 23. cxb5 axb5 24. Bb2 Nb4 25. a3 Rxd1 26. Rxd1 Rc2
27. axb4 Rxe2 28. Bc3 Rc2 29. Be1 Rb2 30. Kf1 Rxb3 31. Rc1 Bf8 32. Rc6+ Kd5 33.
Rb6 e4 34. Rxb5+ Kc4 35. Rb7 Rb1 36. Ke2 f4 37. Bd2 Rb2 38. Rc7+ Kd5 39. Rd7+
Ke6 40. Rb7 e3 41. fxe3 fxe3 42. Kxe3 Bh6+ 43. Kf3 Bxd2 44. Rxh7 Rxb4 45. g4
Rf4+ 46. Ke2 Bc3 47. g5 Rf8 48. Rh6 Kf5 49. h4 Bg7 50. Rh7 Rf7 51. h5 Kxg5 52.
hxg6 Kxg6 53. Rh3 Be5 54. Kd3 Kf5 55. Kc4 Ke4 56. Rh4+ Bf4 57. Rh5 Rc7+ 58. Rc5
Rd7 59. Rc6 Rd1 60. Rc5 Be3 61. Rc6 Bd4 62. Rd6 Rc1+ 63. Kb5 Rc5+ 64. Kb4 Kd3
65. Rg6 Rf5 66. Rg3+ Be3 67. Rg4 Rf6 68. Ka3 Rb6 69. Ka2 Bd2 70. Rg3+ Kc2 71.
Ka3 Ra6# 0-1